| 000 | 00526nam a2200169 4500 | ||
|---|---|---|---|
| 001 | 143356 | ||
| 003 | ES-MaACL | ||
| 005 | 20230906200805.0 | ||
| 007 | t| | ||
| 008 | 070214s1970 sp r ||||1| spa d | ||
| 100 | 1 |
_aSerrano Gómez, Alfonso. _9105757 |
|
| 245 | 1 | 0 |
_aDelincuencia juvenil en España _b: estudio criminológico / _cAlfonso Serrano Gómez. |
| 250 | _a[1ª ed.]. | ||
| 260 |
_a[Madrid] : _bDoncel, _c[1970] ( _fSucesores de Rivadeneyra) |
||
| 300 |
_a350 p. ; _c23 cm. |
||
| 852 |
_aES-MaACL _jC-44079 _bR.74351 |
||
| 999 |
_c143356 _d143356 |
||